[Event "PRAGUE OPEN 2019 - A - IM open"]
[Site "Praha, Olympik hotel"]
[Date "2019.01.15"]
[Round "6"]
[White "Ajay Krishna, S"]
[Black "Krivonosov, Oleg"]
[Result "1-0"]
[BlackElo "2390"]
[WhiteElo "2289"]
[LiveChessVersion "1.4.8"]

1. Nf3  Nf6  2. c4  e6
 3. g3  d5  4. Bg2
 Be7  5. O-O  O-O
 6. b3  c5  7. e3
 Nc6  8. Bb2  b6 
9. Re1  Bb7  10. a3  Qd7
 11. d4  cxd4  12. exd4
 Rfd8  13. Nbd2  Rac8
 14. Rc1  Qe8  15. c5
 Nb8  16. b4  Ne4
 17. Ne5  Nc6  18. Nxe4
 Nxe5  19. Nf6+  Bxf6
 20. dxe5  Bg5  21. f4
 Be7  22. cxb6  axb6
 23. Qd4  b5  24. Qb6
 Bc6  25. Bd4  Bd7
 26. Bb2  Rb8  27. Qf2
 Rdc8  28. Bf1  h6
 29. Bd3  Rxc1  30. Rxc1
 Rc8  31. Qd2  Qd8
 32. Bd4  Rxc1+  33. Qxc1
 f5  34. Kf2  g5 
35. Ke2  gxf4  36. gxf4  Kf7
 37. Kd2  Qg8  38. Qc7
 Qg2+  39. Kc3  Qa2
 40. Qxd7  Qa1+  41. Kc2
 Qxd4  42. Bxb5  Qf2+
 43. Kb3  Qh4  44. Qe8+
 Kg7  45. Bd7  1-0

[Event "PRAGUE OPEN 2019 - A - IM open"]
[Site "Praha, Olympik hotel"]
[Date "2019.01.15"]
[Round "6"]
[White "Gschnitzer, Adrian"]
[Black "Ludvik, Tomas"]
[Result "1-0"]
[BlackElo "2089"]
[WhiteElo "2368"]
[LiveChessVersion "1.4.8"]

1. e4  c5  2. Nf3  d6
 3. d4  cxd4  4. Nxd4
 Nf6  5. Nc3  a6 
6. Bg5  e6  7. f4  Qc7
 8. Bxf6  gxf6  9. Be2
 Nc6  10. Qd3  Be7
 11. O-O-O  Nxd4  12. Qxd4
 h5  13. f5  Bd7 
14. Qd3  b5  15. a3  Qc5
 16. Qh3  a5  17. Bxh5
 b4  18. Nb1  Qe5
 19. g4  Rb8  20. axb4
 Kf8  21. Rhf1  Rxb4
 22. Nc3  a4  23. Qf3
 a3  24. bxa3  Rc4
 25. Rd3  d5  26. exd5
 Bxa3+  27. Kd1  exd5
 28. Qxd5  Rxc3  29. Qxf7#
 1-0

[Event "PRAGUE OPEN 2019 - A - IM open"]
[Site "Praha, Olympik hotel"]
[Date "2019.01.15"]
[Round "6"]
[White "Olsarova, Karolina"]
[Black "Xiang, Zeyu"]
[Result "0-1"]
[BlackElo "2440"]
[WhiteElo "2263"]
[LiveChessVersion "1.4.8"]

1. d4  d5  2. Bf4  c5
 3. e3  Nc6  4. c3
 cxd4  5. exd4  Bf5
 6. Nf3  e6  7. Nbd2
 Bd6  8. Bxd6  Qxd6
 9. Be2  h6  10. O-O
 Nf6  11. Re1  O-O
 12. Bf1  Ne4  13. Nxe4
 Bxe4  14. Nd2  Bf5
 15. Nb3  Qc7  16. Nc1
 Na5  17. Bd3  Qf4
 18. Qc2  Bxd3  19. Nxd3
 Qf5  20. Qe2  Nc4
 21. Rad1  Rfe8  22. Qf1
 Re7  23. Re2  Rc8
 24. Ne5  Nxe5  25. Rxe5
 Qc2  26. Qe2  Qxe2
 27. Rxe2  b5  28. a3
 g5  29. Re3  a5 
30. Kf1  Rb7  31. Ke2  Kg7
 32. Rg3  f5  33. h4
 g4  34. f3  h5 
35. f4  Rbc7  36. Kd2  b4
 37. axb4  axb4  38. Ra1
 Rb8  39. Ra2  Rcb7
 40. Kc1  Kf6  41. Kb1
 bxc3  42. Rxc3  Rb4
 43. Rd3  g3  44. Kc2
 Rg8  45. Ra6  Rb7
 46. Re3  Re7  47. Ra1
 Rg4  48. Rf1  Rxh4
 49. Rxg3  Rg4  50. Rxg4
 fxg4  51. b4  Kf5
 52. Kd3  h4  53. Ke3
 Ra7  54. Rb1  Ra3+
 55. Kf2  Ra2+  56. Kf1
 Ra6  57. b5  Rb6
 58. Ke2  Kxf4  59. Kd3
 Kg3  60. Rb2  h3
 61. gxh3  gxh3  62. Kc3
 h2  63. Rb1  Rxb5
 0-1

[Event "PRAGUE OPEN 2019 - A - IM open"]
[Site "Praha, Olympik hotel"]
[Date "2019.01.15"]
[Round "6"]
[White "Plischki, Sebastian"]
[Black "Mis, Mieszko"]
[Result "1/2-1/2"]
[BlackElo "2242"]
[WhiteElo "2426"]
[LiveChessVersion "1.4.8"]

1. d4  Nf6  2. Bg5  Ne4
 3. Bf4  c5  4. f3
 Qa5+  5. c3  Nf6
 6. d5  Qb6  7. Bc1
 e6  8. e4  exd5 
9. exd5  Be7  10. c4  O-O
 11. Bd3  d6  12. Nc3
 Re8  13. Nge2  Nbd7
 14. f4  Qc7  15. O-O
 a6  16. a4  Bf8 
17. Qc2  Rb8  18. h3  g6
 19. f5  Bg7  20. Bg5
 Rf8  21. Ng3  Ne5
 22. Rf4  b5  23. axb5
 axb5  24. fxg6  fxg6
 25. Nxb5  Qb6  26. Bxf6
 Rxf6  27. Rxf6  Bxf6
 28. Ne4  Be7  29. Rf1
 Bd7  30. Nec3  Qa5
 1/2-1/2

[Event "PRAGUE OPEN 2019 - A - IM open"]
[Site "Praha, Olympik hotel"]
[Date "2019.01.15"]
[Round "6"]
[White "Lalic, Bogdan"]
[Black "Abdulla, Murad"]
[Result "1/2-1/2"]
[BlackElo "2263"]
[WhiteElo "2418"]
[LiveChessVersion "1.4.8"]

1. c4  e5  2. Nc3  Nf6
 3. g3  d5  4. cxd5
 Nxd5  5. Bg2  Nb6
 6. Nf3  Nc6  7. O-O
 Be7  8. Rb1  O-O
 9. b4  Bf5  10. b5
 Nd4  11. d3  Nxf3+
 12. Bxf3  Rb8  13. a4
 Be6  14. Qc2  Qd7
 15. Bb2  f6  16. Rfd1
 Rfc8  17. Ba1  c5
 18. bxc6  bxc6  19. a5
 Nd5  20. Qa4  Nb4
 21. Ne4  1/2-1/2

[Event "PRAGUE OPEN 2019 - A - IM open"]
[Site "Praha, Olympik hotel"]
[Date "2019.01.15"]
[Round "6"]
[White "Kozak, Antoni"]
[Black "Naumkin, Igor"]
[Result "1-0"]
[BlackElo "2418"]
[WhiteElo "2236"]
[LiveChessVersion "1.4.8"]

1. d4  Nf6  2. Nf3  e6
 3. c4  b6  4. g3
 Bb7  5. Bg2  Be7
 6. O-O  O-O  7. Re1
 d5  8. cxd5  exd5
 9. Nc3  Na6  10. Bf4
 c5  11. dxc5  Nxc5
 12. Rc1  a5  13. Bh3
 Nfe4  14. Be5  f5
 15. Nd4  g6  16. Ndb5
 Rc8  17. a3  Qd7
 18. b4  axb4  19. axb4
 Nxc3  20. Nxc3  Ne6
 21. Bg2  Rcd8  22. Qb3
 Bf6  23. Bxf6  Rxf6
 24. e3  Kg7  25. Ra1
 Bc6  26. b5  Bb7
 27. Red1  d4  28. Ra7
 Nc5  29. Qc4  Rd6
 30. Rxd4  Rxd4  31. exd4
 Ne4  32. Nxe4  fxe4
 33. Bxe4  Bxe4  34. Rxd7+
 Rxd7  35. Qe6  Bf5
 36. Qxb6  Re7  37. f3
 Bh3  38. Kf2  1-0

[Event "PRAGUE OPEN 2019 - A - IM open"]
[Site "Praha, Olympik hotel"]
[Date "2019.01.15"]
[Round "6"]
[White "Schnabel, Ralf"]
[Black "Low, Zhen Yu Cyrus"]
[Result "0-1"]
[BlackElo "2385"]
[WhiteElo "2206"]
[LiveChessVersion "1.4.8"]

1. e4  g6  2. Nc3  Bg7
 3. h4  c5  4. h5
 Nc6  5. d3  e6 
6. Bf4  d6  7. Qd2  Nd4
 8. Nd1  e5  9. Be3
 d5  10. f3  Ne7 
11. c4  dxc4  12. dxc4  Be6
 13. Nc3  Qa5  14. Bd3
 Nb3  15. Qd1  Nxa1
 16. Qxa1  O-O-O  17. Be2
 Nc6  18. b3  Nb4
 19. Kf2  0-1

[Event "PRAGUE OPEN 2019 - A - IM open"]
[Site "Praha, Olympik hotel"]
[Date "2019.01.15"]
[Round "6"]
[White "Vokac, Marek"]
[Black "Wiley, Thomas"]
[Result "1-0"]
[BlackElo "2186"]
[WhiteElo "2380"]
[LiveChessVersion "1.4.8"]

1. Nf3  Nf6  2. b3  g6
 3. Bb2  Bg7  4. g3
 b6  5. Bg2  Bb7 
6. O-O  O-O  7. c4  c5
 8. d3  d5  9. cxd5
 Nxd5  10. Bxg7  Kxg7
 11. Qd2  e6  12. Nc3
 Nd7  13. Rfd1  Nxc3
 14. Qxc3+  Qf6  15. Rac1
 Rfd8  16. a3  Qxc3
 17. Rxc3  Nf6  18. Rdc1
 a5  19. Nd2  Bxg2
 20. Kxg2  Rdb8  21. Rc4
 Nd7  22. R4c3  Nf6
 23. R3c2  Ra7  24. Nc4
 Nd7  25. Nd6  a4
 26. Rb1  axb3  27. Rxb3
 Kf8  28. Rcb2  Ke7
 29. Nc4  Kd8  30. f4
 Kc7  31. Kf3  f5
 32. g4  Kc6  33. Rb5
 Ra6  34. g5  h6 
35. gxh6  Rh8  36. a4  Rxh6
 37. a5  bxa5  38. Nxa5+
 Kd6  39. Nc4+  Kc6
 40. Na5+  Kd6  41. Nc4+
 Kc6  42. Ra5  Rxa5
 43. Nxa5+  Kd6  44. Nc4+
 Kc7  45. Kg3  Rh8
 46. Ra2  Re8  47. Ra7+
 Kc6  48. Ra6+  Kc7
 49. e3  Re7  50. Ra8
 e5  51. fxe5  Kb7
 52. Ra5  g5  53. d4 f4+ 54. exf4
 gxf4+  55. Kxf4  cxd4
 56. Ke4  Rh7  57. Ra2
 Rh4+  58. Kd5  1-0

[Event "PRAGUE OPEN 2019 - A - IM open"]
[Site "Praha, Olympik hotel"]
[Date "2019.01.15"]
[Round "6"]
[White "Mulenko, Alexander"]
[Black "Vojta, Tomas"]
[Result "0-1"]
[BlackElo "2351"]
[WhiteElo "2090"]
[LiveChessVersion "1.4.8"]

1. g3  e5  2. c4  Nc6
 3. Bg2  g6  4. Nc3
 Bg7  5. Rb1  d6 
6. b4  h5  7. b5  Nce7
 8. h4  Nh6  9. d3
 O-O  10. e4  Be6
 11. Nge2  c6  12. O-O
 Qd7  13. Bd2  Kh7
 14. bxc6  bxc6  15. Qb3
 Rac8  16. Qb7  Rc7
 17. Qa6  f5  18. f4
 Ng4  19. Nd1  fxe4
 20. dxe4  Qc8  21. Qxc8
 Nxc8  22. fxe5  Rxf1+
 23. Bxf1  Nxe5  24. Ba5
 Rf7  25. Nf4  Bxc4
 26. Rb8  Nb6  27. Bxb6
 axb6  28. Rxb6  Bxf1
 29. Kxf1  Bh6  30. Nf2
 Bxf4  31. gxf4  Rxf4
 32. Kg2  Kh6  33. a4
 d5  34. exd5  cxd5
 35. Re6  Ng4  36. Nh3
 Rxa4  37. Re7  Ra2+
 38. Kg3  Ra3+  39. Kg2
 Ne3+  40. Kh2  Nf1+
 41. Kg2  Rg3+  42. Kxf1
 Rxh3  43. Rd7  Rxh4
 44. Rxd5  Rh2  45. Kg1
 Ra2  46. Rb5  h4
 47. Kh1  g5  48. Kg1
 Kh5  49. Rb4  h3
 50. Rc4  g4  51. Rb4
 g3  52. Rb5+  Kg4
 53. Rb4+  Kf5  54. Rb5+
 Ke4  55. Rb4+  Kd5
 56. Rb5+  Kc4  57. Rb1
 Rd2  58. Ra1  Kb3
 59. Kh1  Kb2  60. Rg1
 Rh2#  0-1

[Event "PRAGUE OPEN 2019 - A - IM open"]
[Site "Praha, Olympik hotel"]
[Date "2019.01.15"]
[Round "6"]
[White "Chkhaidze, Nikoloz"]
[Black "Chudinovskikh, Alexander M."]
[Result "0-1"]
[BlackElo "2184"]
[WhiteElo "2290"]
[LiveChessVersion "1.4.8"]

1. d4  Nf6  2. c4  e6
 3. Nc3  Bb4  4. Bd2
 d5  5. e3  O-O 
6. Nf3  b6  7. cxd5  exd5
 8. Rc1  a6  9. Bd3
 Re8  10. Ne5  c5
 11. O-O  c4  12. Bb1
 Bd6  13. f4  b5 
14. Qf3  Ra7  15. a3  Rc7
 16. e4  dxe4  17. Nxe4
 Nxe4  18. Qxe4  f5
 19. Qe3  Nc6  20. Kh1
 Bf8  21. Qh3  Nxe5
 22. fxe5  Qxd4  23. Ba5
 Rf7  24. Bc3  Qd7
 25. Rf4  g6  26. Rcf1
 Bb7  27. Qg3  Bg7
 28. h4  Qe6  29. Re1
 Bh6  30. Rd1  Bxf4
 31. Qxf4  Rd7  32. Re1
 Red8  33. Bc2  Rf8
 34. Kh2  h6 35. Re3 g5  36. Rg3
 Rg7  37. hxg5  hxg5
 38. Qf2  f4  39. Rf3
 g4  0-1

[Event "PRAGUE OPEN 2019 - A - IM open"]
[Site "Praha, Olympik hotel"]
[Date "2019.01.15"]
[Round "6"]
[White "Roeder, Matthias"]
[Black "Mueller-Dehn, Christian"]
[Result "1/2-1/2"]
[BlackElo "2167"]
[WhiteElo "2396"]
[LiveChessVersion "1.4.8"]

1. Nf3  d5  2. g3  c6
 3. Bg2  Bf5  4. O-O e6 5. b3
 Nf6  6. d3  h6 
7. Bb2  Be7  8. Nbd2  O-O
 9. Ne5  a5  10. e4
 Bh7  11. a3  dxe4
 12. dxe4  Nbd7  13. Nd3
 Qc7  14. Qe2  a4
 15. b4  Rfe8  16. c4
 Rad8  17. f4  Nf8
 18. Rad1  N6d7  19. Nf3
 Nb6  20. Nf2  Rxd1
 21. Rxd1  c5  22. Be5
 Qc8  23. b5  Rd8
 24. Bc3  Rxd1+  25. Nxd1
 Nfd7  26. Nb2  Bf6
 27. e5  Be7  28. Nd2
 f6  29. Bh3  Bf5
 30. g4  Bh7  31. exf6
 Bxf6  32. Qxe6+  Kh8
 33. Bxf6  gxf6  34. Kf2
 Qd8  35. Qd6  Qe8
 36. Nd1  Bg8  37. Ne3
 Be6  38. Bg2  Qg8
 39. h3  h5  40. Bxb7
 hxg4  41. hxg4  Bxg4
 42. f5  Qg5  43. Qh2+
 Kg7  44. Ne4  Qh5
 45. Qg3  Ne5  46. Nxc5
 Kf7  47. Bg2  Bxf5
 48. Kg1  Bg6  49. Ne4
 Nbd7  50. c5  Bxe4
 51. Bxe4  Nxc5  52. Bd5+
 Ke7  53. Qg7+  Nf7
 54. Bxf7  Qxf7  55. Nf5+
 Ke6  56. Nd4+  Ke7
 57. Nf5+  Ke6  58. Nd4+
 Ke7  59. Nc6+ Ke8  60. Qh8+
 Qf8  61. Qh5+  Kd7
 62. Qd5+  Kc7  1/2-1/2

[Event "PRAGUE OPEN 2019 - A - IM open"]
[Site "Praha, Olympik hotel"]
[Date "2019.01.15"]
[Round "6"]
[White "Pniaczek, Marek"]
[Black "Neuman, Petr"]
[Result "0-1"]
[BlackElo "2428"]
[WhiteElo "2146"]
[LiveChessVersion "1.4.8"]

1. e4  c5  2. Nf3  d6
 3. d4  Nf6  4. Bb5+
 Bd7  5. Bxd7+  Qxd7
 6. dxc5  Nxe4  7. cxd6
 Nxd6  8. O-O  Nc6
 9. Nc3  g6  10. Qe2
 Bg7  11. Nd5  O-O
 12. c3  e6  13. Ne3
 Qe7  14. Nc4  Nxc4
 15. Qxc4  Rac8  16. Qe2
 e5  17. Bg5  f6 
18. Be3  b6  19. Rad1  f5 20.
Rfe1 h6  21. Qb5  e4  22. Nd4
 Bxd4  23. Bxd4  Qe6
 24. f3  Rfd8  25. fxe4
 Nxd4  26. cxd4  fxe4
 27. d5  Qe5  28. Qa4
 Rxd5  29. Rxd5  Qxd5
 30. Qxe4  Qxe4  31. Rxe4
 Rc2  32. Re7  a5
 33. Re6  Rxb2  34. Rxg6+
 Kh7  35. Rc6  b5
 36. Rc5  a4  37. a3
 b4  38. axb4  a3
 0-1

[Event "PRAGUE OPEN 2019 - A - IM open"]
[Site "Praha, Olympik hotel"]
[Date "2019.01.15"]
[Round "6"]
[White "Vojta, Jakub"]
[Black "Gschnitzer, Oswald"]
[Result "0-1"]
[BlackElo "2370"]
[WhiteElo "2118"]
[LiveChessVersion "1.4.8"]

1. e4  c5  2. Nf3  Nc6
 3. Bb5  g6  4. O-O
 Bg7  5. Re1  e5 
6. b4  Nxb4  7. Bb2  Qc7
 8. c3  Nc6  9. d4
 d6  10. Na3  Bd7
 11. dxc5  dxc5  12. Qd5
 Nge7  13. Qxc5  b6
 14. Qe3  O-O  15. Red1
 Rad8  16. c4  Bg4
 17. Nc2  Rxd1+  18. Rxd1
 Rd8  19. Rd3  Na5
 20. Nb4  Rxd3  21. Qxd3
 Nb7  22. Na6  Nc5
 23. Nxc5  bxc5  24. Bc3
 f6  25. Ne1  Be6
 26. Nc2  Kf7  27. Ne3
 f5  28. f3  Qb6 
29. Nd5  Qd6  30. Ba5  Nxd5
 31. cxd5  Bc8  32. Bc6
 Bh6  33. Qc4  Be3+
 34. Kh1  Ke7  35. Qb3
 f4  36. Be1  g5 
37. a4  Qc7  38. Qb5  Qb6
 39. Ba5  Qxb5  40. Bxb5
 Bd7  41. g3  Bxb5
 42. axb5  fxg3  43. hxg3
 h5  44. Kg2  c4 
45. Bc3  Bd4  46. Bd2  Kf6
 47. f4  gxf4  48. gxf4
 c3  49. Bc1  exf4
 50. Bxf4  Be5  51. Bc1
 c2  52. Kh3  Kg6
 53. Kg2  Bf6  54. d6
 Kf7  55. Ba3  Ke6
 0-1

[Event "PRAGUE OPEN 2019 - A - IM open"]
[Site "Praha, Olympik hotel"]
[Date "2019.01.15"]
[Round "6"]
[White "Shyam, Prasad Reddy K"]
[Black "Szpar, Milosz"]
[Result "0-1"]
[WhiteElo "2137"]
[BlackElo "2339"]
[PlyCount "73"]
[EventDate "2019.01.11"]

1. e4 c5 2. Nf3 Nc6 3. d4 cxd4 4. Nxd4 Nf6 5. Nc3 e5 6. Ndb5 d6 7. Bg5 a6 8.
Na3 b5 9. Nd5 Be7 10. Bxf6 Bxf6 11. c3 O-O 12. Nc2 Bg5 13. h4 Bh6 14. a4 bxa4
15. Rxa4 a5 16. Bc4 Rb8 17. b3 Kh8 18. Nce3 Bxe3 19. Nxe3 Ne7 20. O-O f5 21.
exf5 Bxf5 22. Qd2 Be4 23. Rd1 Ng6 24. Be6 Bc6 25. Ra2 Rf6 26. Bd5 Bxd5 27. Qxd5
Nxh4 28. Rxa5 Ng6 29. Nc4 Nf4 30. Qe4 Qf8 31. Qe1 e4 32. Ra2 Rg6 33. Ne3 Rxb3
34. Rda1 Rb8 35. Rb1 Re8 36. Rb5 d5 37. Qd2 0-1

[Event "PRAGUE OPEN 2019 - A - IM open"]
[Site "Praha, Olympik hotel"]
[Date "2019.01.15"]
[Round "6"]
[White "Pushkov, Nikolai"]
[Black "Riha, Vojtech"]
[Result "0-1"]
[WhiteElo "2309"]
[BlackElo "2145"]
[PlyCount "68"]
[EventDate "2019.01.11"]

1. Nf3 Nf6 2. c4 d6 3. g3 e5 4. Bg2 g6 5. Nc3 Bg7 6. d3 O-O 7. O-O Re8 8. Bg5
h6 9. Bxf6 Qxf6 10. Rb1 Nd7 11. b4 g5 12. Nd2 Nf8 13. Nd5 Qd8 14. b5 f5 15. a4
Rb8 16. a5 Ng6 17. b6 axb6 18. axb6 c6 19. Nc7 Rf8 20. e3 g4 21. Nb3 h5 22. f3
f4 23. exf4 exf4 24. fxg4 Bxg4 25. Bf3 fxg3 26. Bxg4 Rxf1+ 27. Qxf1 hxg4 28.
hxg3 Qg5 29. Qe2 Ne5 30. d4 Rf8 31. dxe5 Rf3 32. Qe4 Rxg3+ 33. Kf1 Qh4 34. Nd4
Qh3+ 0-1

[Event "PRAGUE OPEN 2019 - A - IM open"]
[Site "Praha, Olympik hotel"]
[Date "2019.01.15"]
[Round "6"]
[White "Svrcek, Martin"]
[Black "Mishuchkov, Nikolai"]
[Result "0-1"]
[WhiteElo "2111"]
[BlackElo "2308"]
[PlyCount "74"]
[EventDate "2019.01.11"]

1. d4 Nf6 2. e3 d5 3. Bd3 Bg4 4. f3 Bd7 5. Nd2 Nc6 6. f4 Nb4 7. Qe2 e6 8. Ngf3
c5 9. c3 Nxd3+ 10. Qxd3 Qb6 11. a4 Be7 12. Ne5 O-O 13. O-O Rad8 14. g4 Bc6 15.
g5 Ne4 16. Nxc6 Qxc6 17. Nxe4 dxe4 18. Qc4 Qd5 19. Qe2 f6 20. gxf6 Rxf6 21. Bd2
cxd4 22. cxd4 Rc8 23. Bc3 Rg6+ 24. Kh1 Qf5 25. Rg1 Kf7 26. Rg2 a6 27. a5 Rd8
28. Rag1 Rd5 29. Rxg6 hxg6 30. Rg4 Rd8 31. Rg2 Rh8 32. Qc2 Rh3 33. Bd2 Rf3 34.
Kg1 Qb5 35. Rf2 Rxf2 36. Kxf2 Bh4+ 37. Kg1 Qe2 0-1

[Event "PRAGUE OPEN 2019 - A - IM open"]
[Site "Praha, Olympik hotel"]
[Date "2019.01.15"]
[Round "6"]
[White "Llopis De Aysa, Manuel"]
[Black "Kulkarni, Bhakti"]
[Result "0-1"]
[WhiteElo "2105"]
[BlackElo "2303"]
[PlyCount "63"]
[EventDate "2019.01.11"]

1. d4 Nf6 2. Nf3 d5 3. c4 e6 4. cxd5 exd5 5. Nc3 Be7 6. Bg5 c6 7. e3 h6 8. Bh4
Bf5 9. Bd3 Bxd3 10. Bxf6 Bxf6 11. Qxd3 O-O 12. O-O a5 13. a3 a4 14. Qc2 Qa5 15.
e4 dxe4 16. Nxe4 Nd7 17. Rae1 Rae8 18. h3 Be7 19. Nc3 b5 20. Ne5 Nxe5 21. Rxe5
Bd6 22. Rxe8 Rxe8 23. Qd3 Rd8 24. Qf3 Qb6 25. g3 Bf8 26. d5 c5 27. Qd3 c4 28.
Qe2 Rb8 29. Na2 Bd6 30. Qd2 Bxg3 31. d6 Rd8 32. d7 0-1

[Event "PRAGUE OPEN 2019 - A - IM open"]
[Site "Praha, Olympik hotel"]
[Date "2019.01.15"]
[Round "6"]
[White "Oboladze, Luka"]
[Black "Haase, Pavel"]
[Result "1-0"]
[WhiteElo "2295"]
[BlackElo "2141"]
[PlyCount "55"]
[EventDate "2019.01.11"]

1. c4 c5 2. Nf3 Nc6 3. Nc3 g6 4. g3 Bg7 5. Bg2 h5 6. a3 Nh6 7. Rb1 Nf5 8. h3 a5
9. d3 Ncd4 10. Nxd4 cxd4 11. Ne4 b5 12. cxb5 Rb8 13. a4 d5 14. Nd2 Qd6 15. Nf3
e5 16. b4 axb4 17. Qb3 O-O 18. Qxb4 Qf6 19. Bg5 Qe6 20. g4 hxg4 21. hxg4 Nd6
22. Bh6 Bxh6 23. Rxh6 Bd7 24. Nxd4 Qf6 25. Nb3 d4 26. g5 Qxg5 27. Qxd6 Bc6 28.
Nxd4 1-0

[Event "PRAGUE OPEN 2019 - A - IM open"]
[Site "Praha, Olympik hotel"]
[Date "2019.01.15"]
[Round "6"]
[White "Sindler, Michal"]
[Black "Lys, Josef"]
[Result "1-0"]
[WhiteElo "2221"]
[BlackElo "2134"]
[PlyCount "69"]
[EventDate "2019.01.11"]

1. e4 c5 2. Nf3 Nc6 3. Bb5 d6 4. Bxc6+ bxc6 5. O-O c4 6. d4 cxd3 7. Qxd3 Qc7 8.
c4 Nf6 9. Bf4 Nh5 10. Be3 g6 11. c5 Bg7 12. cxd6 Qxd6 13. Qc2 O-O 14. Rd1 Qb4
15. Rd2 Bg4 16. Nd4 c5 17. Nc6 Qb7 18. Na5 Qb4 19. Nc6 Qb7 20. Na5 Qa6 21. Nb3
c4 22. Nc5 Qa5 23. h3 Rab8 24. hxg4 Rxb2 25. Nb3 Rxb3 26. axb3 Bxa1 27. gxh5
cxb3 28. Qxb3 Rc8 29. Rd5 Qe1+ 30. Kh2 a5 31. Nd2 e6 32. Rxa5 Rc1 33. Qb8+ Kg7
34. h6+ Kf6 35. Bg5# 1-0

[Event "PRAGUE OPEN 2019 - A - IM open"]
[Site "Praha, Olympik hotel"]
[Date "2019.01.15"]
[Round "6"]
[White "Eriksson, Christian Altenburg"]
[Black "Mastroddi, Emiliano"]
[Result "1/2-1/2"]
[WhiteElo "2177"]
[BlackElo "2058"]
[PlyCount "32"]
[EventDate "2019.01.11"]

1. e4 c5 2. c3 d5 3. exd5 Qxd5 4. d4 Nf6 5. Nf3 Bg4 6. dxc5 Qxc5 7. Na3 a6 8.
Be3 Qc7 9. h3 Bh5 10. Qa4+ Nbd7 11. Bf4 Qc8 12. g4 Bg6 13. Bg2 b5 14. Qd4 e6
15. Bd6 Bxd6 16. Qxd6 Qc5 1/2-1/2

[Event "PRAGUE OPEN 2019 - A - IM open"]
[Site "Praha, Olympik hotel"]
[Date "2019.01.15"]
[Round "6"]
[White "Hesse, Henrik"]
[Black "Mach, Petr"]
[Result "1-0"]
[WhiteElo "2166"]
[BlackElo "1921"]
[PlyCount "63"]
[EventDate "2019.01.11"]

1. c4 Nf6 2. g3 g6 3. Bg2 Bg7 4. Nc3 O-O 5. e3 c6 6. Nge2 d5 7. cxd5 cxd5 8.
O-O e6 9. b3 Ne4 10. Ba3 Re8 11. Qc2 Qa5 12. Bb2 Nd6 13. Na4 Bxb2 14. Nxb2 Bd7
15. Qc3 Qxc3 16. dxc3 Rc8 17. c4 dxc4 18. Rad1 c3 19. Rxd6 cxb2 20. Bxb7 Rc2
21. Bxa8 Bb5 22. Be4 Rxe2 23. Rd8+ Kg7 24. Rxb8 f5 25. Bb1 Ba6 26. Rd8 Kf6 27.
Rfd1 Ke5 28. Rf8 Bd3 29. Bxd3 Rd2 30. Rxd2 b1=Q+ 31. Bxb1 a5 32. f4# 1-0

[Event "PRAGUE OPEN 2019 - A - IM open"]
[Site "Praha, Olympik hotel"]
[Date "2019.01.15"]
[Round "6"]
[White "Mindl, Josef"]
[Black "Vechet, Stanislav"]
[Result "1/2-1/2"]
[WhiteElo "1966"]
[BlackElo "2114"]
[PlyCount "29"]
[EventDate "2019.01.11"]

1. e4 e5 2. Nf3 Nc6 3. Bc4 Bc5 4. c3 Qe7 5. O-O d6 6. d4 Bb6 7. h3 Nf6 8. Re1
h6 9. a4 a6 10. Be3 Ba7 11. Nbd2 O-O 12. b4 Nb8 13. dxe5 dxe5 14. Bxa7 Rxa7 15.
Qb3 1/2-1/2

[Event "PRAGUE OPEN 2019 - A - IM open"]
[Site "Praha, Olympik hotel"]
[Date "2019.01.15"]
[Round "6"]
[White "Brhel, Jan"]
[Black "Pipia, Ekaterine"]
[Result "1/2-1/2"]
[WhiteElo "2095"]
[BlackElo "1963"]
[PlyCount "27"]
[EventDate "2019.01.11"]

1. d4 Nf6 2. c4 e6 3. Nf3 d5 4. Nc3 c6 5. Bg5 dxc4 6. e4 b5 7. e5 h6 8. Bh4 g5
9. Nxg5 hxg5 10. Bxg5 Bg7 11. exf6 Bxf6 12. Bxf6 Qxf6 13. g3 O-O 14. Bg2
1/2-1/2

[Event "PRAGUE OPEN 2019 - A - IM open"]
[Site "Praha, Olympik hotel"]
[Date "2019.01.15"]
[Round "6"]
[White "Risch, Michel"]
[Black "Ortoft, Kai"]
[Result "1/2-1/2"]
[WhiteElo "2086"]
[BlackElo "1949"]
[PlyCount "24"]
[EventDate "2019.01.11"]

1. d4 Nf6 2. c4 e6 3. Nc3 d5 4. Nf3 c6 5. Bg5 h6 6. Bh4 dxc4 7. a4 Bb4 8. e3
Qa5 9. Bxf6 Bxc3+ 10. bxc3 Qxc3+ 11. Nd2 gxf6 12. Bxc4 Qa5 1/2-1/2

[Event "PRAGUE OPEN 2019 - B - FIDE open"]
[Site "Praha, Olympik hotel"]
[Date "2019.01.15"]
[Round "6"]
[White "Delaruelle, Christian"]
[Black "Finek, Vaclav"]
[Result "1/2-1/2"]
[WhiteElo "1699"]
[BlackElo "1915"]
[PlyCount "39"]
[EventDate "2019.01.11"]

1. e4 c5 2. Nf3 d6 3. c3 Nf6 4. Be2 Nc6 5. d4 cxd4 6. cxd4 Nxe4 7. d5 Qa5+ 8.
Nc3 Nxc3 9. bxc3 Ne5 10. Nxe5 Qxc3+ 11. Bd2 Qxe5 12. O-O Qxd5 13. Rb1 Bd7 14.
Bf3 Qxa2 15. Rxb7 Rc8 16. Be3 Qc2 17. Qa1 Qa4 18. Qb2 Qc2 19. Qd4 Ba4 20. Qb2
1/2-1/2

[Event "PRAGUE OPEN 2019 - B - FIDE open"]
[Site "Praha, Olympik hotel"]
[Date "2019.01.15"]
[Round "6"]
[White "Grabarczyk, Sylwester"]
[Black "Levinsky, Ladislav"]
[Result "1-0"]
[WhiteElo "1834"]
[BlackElo "1506"]
[PlyCount "51"]
[EventDate "2019.01.11"]

1. f4 b6 2. e4 c5 3. Nc3 Nc6 4. Nf3 d6 5. Bc4 e6 6. O-O g6 7. d4 Na5 8. Bb5+
Bd7 9. f5 Bxb5 10. Nxb5 Qd7 11. fxe6 fxe6 12. Ng5 O-O-O 13. Nf7 Be7 14. Qe2 Nf6
15. e5 dxe5 16. dxe5 Nd5 17. Nxd8 Bxd8 18. Nd6+ Kb8 19. Rf7 Qa4 20. c3 Bc7 21.
Bg5 Qc6 22. Raf1 Bxd6 23. exd6 Qxd6 24. Qa6 Nc7 25. Qe2 Qd5 26. Bf4 1-0

[Event "PRAGUE OPEN 2019 - B - FIDE open"]
[Site "Praha, Olympik hotel"]
[Date "2019.01.15"]
[Round "6"]
[White "Shatil, Shir"]
[Black "Andersen, Carsten"]
[Result "1-0"]
[WhiteElo "1512"]
[BlackElo "1708"]
[PlyCount "37"]
[EventDate "2019.01.11"]

1. d4 d5 2. c4 dxc4 3. Nf3 e6 4. e3 Nf6 5. Bxc4 c5 6. O-O cxd4 7. exd4 Bd6 8.
Nc3 Qc7 9. Nb5 Qb6 10. Nxd6+ Qxd6 11. Re1 O-O 12. b3 Nbd7 13. a4 Rd8 14. Ba3
Qf4 15. d5 Nb6 16. Be7 Rd7 17. dxe6 Rxe7 18. Qd8+ Ne8 19. exf7+ 1-0

[Event "PRAGUE OPEN 2019 - B - FIDE open"]
[Site "Praha, Olympik hotel"]
[Date "2019.01.15"]
[Round "6"]
[White "Feierfeil, Jiri"]
[Black "Taisl, Lubomir"]
[Result "1-0"]
[WhiteElo "1700"]
[BlackElo "1229"]
[PlyCount "57"]
[EventDate "2019.01.11"]

1. d4 Nf6 2. c4 g6 3. Nc3 Bg7 4. e4 d6 5. f3 O-O 6. Be3 Nbd7 7. Qd2 Bh8 8. g4
c5 9. d5 Nxg4 10. fxg4 Ne5 11. h3 e6 12. Be2 f5 13. Bg5 Bf6 14. Bxf6 Qxf6 15.
O-O-O f4 16. Nf3 g5 17. dxe6 Bxe6 18. Nd5 Qg7 19. Nxe5 Qxe5 20. Bf3 Rf7 21. h4
Rg7 22. hxg5 Rxg5 23. Nc7 Rd8 24. Nxe6 Qxe6 25. Qc3 a6 26. Rh5 h6 27. Rxg5+
hxg5 28. e5 b5 29. Bd5 1-0